| 000 | 01083cam a22002294a 4500 | ||
|---|---|---|---|
| 005 | 20250605164014.0 | ||
| 008 | 250528s ||||||||||||||||||||||||d | ||
| 035 | _a16064 | ||
| 020 | _a749429178 | ||
| 040 |
_aGR-AtMCL _bgre _dGR-AtMCL _eAACR2 |
||
| 245 | 1 | _aMarket Research / A Guide to Planning, Methodology and Evaluation | |
| 250 | _a2nd | ||
| 260 |
_bKogan Page Limited, _c1999 |
||
| 300 | _a240 | ||
| 505 | 0 | _aWhat is Market Research, Applications, Planning Market Research, Desk Research, Qualitative Research, Quantitative Research, Samples, Questionnaire Design, Data Collection Methods, Product Testing, Data Analysis, Reporting, The Market Research Industry, Index. | |
| 520 | _aWhat is Market Research, Applications, Planning Market Research, Desk Research, Qualitative Research, Quantitative Research, Samples, Questionnaire Design, Data Collection Methods, Product Testing, Data Analysis, Reporting, The Market Research Industry, Index. | ||
| 700 | 1 |
_aHague Paul _92103 |
|
| 700 | 1 |
_aJackson Peter _92104 |
|
| 942 | _cBK | ||
| 999 |
_c1604 _d1604 |
||